Cumbres borrascosas.

সংরক্ষণ করুন:
গ্রন্থ-পঞ্জীর বিবরন
প্রধান লেখক: Bronte, Emily (autora)
অন্যান্য লেখক: El Bachiller Canseco (traductor), Val, Joaquín de (prólogo)
বিন্যাস: গ্রন্থ
ভাষা:স্প্যানিশ
প্রকাশিত: Madrid, España: Aguilar, 1958.
মালা:Colección Crisol; 199
বিষয়গুলি:
ট্যাগগুলো: ট্যাগ যুক্ত করুন
কোনো ট্যাগ নেই, প্রথমজন হিসাবে ট্যাগ করুন!

MARC

LEADER 00000nam a2200000 a 4500
001 UCX3489
003 CL-VaPUC
005 20220822114458.0
008 911111e19580000SP |||||||||||||||||spa|d
999 |c 435948  |d 435946 
040 |c Pontificia Universidad Católica de Valparaíso 
082 0 7 |a 823 BRO 1958  |2 21 
100 0 |a Bronte, Emily  |e autora  |9 319678 
245 1 0 |a Cumbres borrascosas. 
260 |a Madrid, España:  |b Aguilar,   |c 1958. 
300 |a 530 páginas  
490 |a Colección Crisol;  |v  199 
500 |a c.1 Donación Familia Prof. Alejandro Guzmán Brito. 
583 |a last modification  |c 19911111 00:00:00  |k Cristina María Rojas Aguilar 
650 0 |a Novelas inglesas  |9 265220 
700 |a El Bachiller Canseco  |e traductor  |9 870548 
700 |a Val, Joaquín de   |e prólogo  |9 870549 
942 |c BK  |2 ddc  |n 0 
952 |0 0  |1 0  |2 ddc  |4 0  |6 823_000000000000000_BRO_1958  |7 0  |8 C_AGB  |9 583609  |a BIBDER  |b BIBDER  |d 2022-06-13  |e Donación   |i 5651688  |o 823 BRO 1958  |p 5651688  |r 2023-01-25  |t 1  |w 2022-06-13  |y BK_US  |k AGB